| 000 | 00558nam a22001817a 4500 | ||
|---|---|---|---|
| 003 | CEME | ||
| 005 | 20210628203521.0 | ||
| 008 | 210120b xxu||||| |||| 00| 0 eng d | ||
| 020 | _a9780135046852 | ||
| 040 | _c. | ||
| 082 | _a621.3815 BOY | ||
| 100 |
_aBoylestad, Robert L, Nashelsky, Louis, Monssen, Franz J _965963 |
||
| 245 | _aElectronic devices and circuit theory, laboratory manual to accompany | ||
| 260 |
_aNEW JERSEY _bPEARSON EDUCATION _c2009 |
||
| 300 | _aX,470P | ||
| 650 |
_aELECTRONIC DEVICES AND CIRCUIT THEORY _965964 |
||
| 942 |
_cBK _2ddc |
||
| 999 |
_c574027 _d574027 |
||